MARC

LEADER 00000nam0a2200000 4500
001 116656
005 20231101215338.0
020 |a RU  |b 79-54687 
035 |a (RuTPU)RU\TPU\book\126245 
090 |a 116656 
100 |a 20070524d1979 m a0rusy5003 ca 
101 0 |a rus 
102 |a RU 
105 |a a z 001zy 
200 1 |a Колебательные спектры соединений элементов IV Б группы  |f В. С. Дернова, И. Ф. Ковалев 
210 |a Саратов  |c Изд-во Саратовского университета  |d 1979 
215 |a 279 с.  |c ил. 
320 |a Литература: с. 227-245. 
606 1 |a Химические элементы четвертой группы  |2 stltpush  |3 (RuTPU)RU\TPU\subj\75288  |9 87134 
610 1 |a колебательные спектры 
610 1 |a соединение 
610 1 |a элементы 
675 |a 546.8  |v 3 
700 1 |a Дернова  |b В. С. 
701 1 |a Ковалев  |b И. Ф. 
801 0 |a RU  |b RuMRKP  |c 19950704  |g psbo 
801 1 |a RU  |b 63413507  |c 20070524  |g PSBO 
801 2 |a RU  |b 63413507  |c 20160331  |g PSBO 
942 |c BK